000
00330nam a22001457a 4500
008
221118b ||||| |||| 00| 0 eng d
020
_a
9780312067465
041
_a
eng
080
_2
SECOND EDITION
_a
575
082
_a
575 CRI
100
_a
13
101
_a
BIO
245
_a
CASES IN BIOETHICS
_c
CRIGGER J B
942
_2
udc
_c
BK
999
_c
58948
_d
58948